000 00299nam a2200121Ia 4500
005 20251222155133.0
008 251222s9999||||xx |||||||||||||| ||spa||
082 _aADM.56
100 _aMinisterio de Educación
245 0 _aLey General de Educación Nº 28044
264 _bNo tiene
942 _cLIB
999 _c38897
_d38897